[Event "Brasschaat op 01st"]
[Site "Brasschaat"]
[Date "2001.08.23"]
[Round "5"]
[White "De Cap, Jan"]
[Black "Fierlefijn, Andre"]
[Result "1-0"]
[WhiteElo "1282"]
[BlackElo "1480"]
[PlyCount "41"]
[EventDate "2001.08.19"]
[EventType "swiss"]
[EventRounds "7"]
[EventCountry "BEL"]
[SourceTitle "EXT 2017"]
[Source "ChessBase"]
[SourceDate "2016.10.25"]
[SourceVersion "1"]
[SourceVersionDate "2016.10.25"]
[SourceQuality "1"]

1. e4 c5 2. Nf3 d6 3. c4 Nf6 4. Nc3 e5 5. Qc2 Nc6 6. Bd3 Nb4 7. Qb1 Nxd3+ 8. Qxd3 a6 9. Ne2 Be7 10. b3 0-0 11. Bb2 Bd7 12. h3 Bc6 13. Ng3 g6 14. 0-0 Rb8 15. a4 Ne8 16. Qe3 Kh8 17. Qh6 Rg8 18. h4 Bf8 19. Qe3 Bg7 20. Ng5 Bd7 21. Nxf7# 1-0